| 000 | 00408nam a2200181Ia 4500 | ||
|---|---|---|---|
| 005 | 20250423100122.0 | ||
| 008 | 250422s9999 xx 000 0 und d | ||
| 020 | _a0-7821-2565-4 | ||
| 050 | _aQA 76.76 .D47 C3664/ | ||
| 100 | _aCantu, Marco | ||
| 245 | 0 | _aMastering delphi 5 | |
| 260 | _aSan Francisco | ||
| 260 | _bSybex | ||
| 260 | _c1999 | ||
| 300 | _a1085 p | ||
| 650 | _aComputer | ||
| 942 | _cBK | ||
| 999 |
_c32341 _d32341 |
||